000 00506nam a2200181Ia 4500
008 240925s9999 xx 000 0 und d
020 _a8177585975
082 _a004.21 KEN
100 _aKendall, Kenneth E.
245 0 _aSystems Analysis and Design
250 _a6th
260 _aNew Delhi:
_bPearson Education
_c,2007.
300 _axxix,482p.
_bna
_fPirated
500 _aIncludes Index
600 _aEngineering Technology
650 _aComputer science, information & general works
942 _cBK
999 _c6582
_d6582